Jižní Čechy : soubor fotografií /

Další autoři: Pilař, Zdeněk, 1921-2002, Šechtl, Josef, 1925-1992
Jazyk: Čeština
Vydáno: Praha : Pressfoto, 1971
Témata:
Fyzický popis: 8 s.textu, 63 bar.fot.listů
Knihy
Uloženo v:
LEADER 00715nam a22001932a 4500
001 000249041
003 CZ BrMZK
005 19970107143423.0
008 970107s1971 xr f cze d
040 |a BOA001  |b cze 
245 0 0 |a Jižní Čechy :  |b soubor fotografií /  |c foto Josef Šechtl, ... ; průvodní slovo Zdeněk Pilař. 
260 |a Praha :  |b Pressfoto,  |c 1971 
300 |a 8 s.textu, 63 bar.fot.listů 
700 1 |a Pilař, Zdeněk,  |d 1921-2002  |7 jk01093060 
700 1 |a Šechtl, Josef,  |d 1925-1992  |7 jk01122710  |4 pht 
910 |a BOA001  |b PK-0074.262 
964 |a Čechy jižní - fotografie - sbírky 
990 |a BK 
996 7 |b 3119913523  |c PK-0074.262  |l MZK  |r Sklad / do 1 hodiny  |n 0  |w 000249041  |u 000010  |a 1  |e BOA001  |j MZK50  |s A